=LDR 00000nam 2200000 4500 =001 INLIS000000001052263 =005 20240820090331 =035 ##$$a 0010-0824000081 =007 ta =008 240820################b##########j#|## =020 ##$$a 978-89-433-0268-974810 =020 ##$$a 978-89-433-0251-1 (Set) =082 ##$$a 028.55 =084 ##$$a 028.55 KYE s =100 #$$a Kyeong-hye Lee =245 1#$$a Seorang sarjana baru yang menyedihkan /$c Kyeong-hye Lee; ilustrator, Yu-min Han =250 ##$$a Ed. 2 =260 ##$$a Gyeonggi-do :$b Borim Publishing,$c 2007 =300 ##$$a 56 hlm. : $b ilus. ; $c 22 cm =650 #4$$a Bacaan kanak-kanak =700 #$$a Yu-min Han (ilustrator) =990 ##$$a 16441644